000
00212 a2200097 4500
001
22972
100
_a
Hornby, A S
245
_a
Oxford Progressive Eng Course
260
_a
_b
Oxford
_c
1965
090
_c
15541
_d
15541
942
_a
NUST-CAE
_c
M
_c
6160
999
_c
258045
_d
258045